<?xml version="1.0" encoding="UTF-8"?>
<record
    xmlns:xsi="http://www.w3.org/2001/XMLSchema-instance"
    xsi:schemaLocation="http://www.loc.gov/MARC21/slim http://www.loc.gov/standards/marcxml/schema/MARC21slim.xsd"
    xmlns="http://www.loc.gov/MARC21/slim">

  <leader>00518nam a2200181Ia 4500</leader>
  <controlfield tag="008">180921t2016    xxu||||| |||| 00| 0 sin d</controlfield>
  <datafield tag="041" ind1=" " ind2=" ">
    <subfield code="a">sin</subfield>
  </datafield>
  <datafield tag="080" ind1=" " ind2=" ">
    <subfield code="a">8C3</subfield>
    <subfield code="b">(Youth) BLY</subfield>
  </datafield>
  <datafield tag="100" ind1=" " ind2=" ">
    <subfield code="a">Blyton, Enid</subfield>
  </datafield>
  <datafield tag="245" ind1=" " ind2=" ">
    <subfield code="a">&#xD85;&#xDAD;&#xDD4;&#xDBB;&#xDD4;&#xDAF;&#xDC4;&#xDB1;&#xDCA; &#xDC0;&#xDD6; &#xDB4;&#xDD6;&#xDC3;&#xDCF;&#xD9C;&#xDDA; &#xD85;&#xDB7;&#xDD2;&#xDBB;&#xDC4;&#xDC3;</subfield>
  </datafield>
  <datafield tag="246" ind1=" " ind2=" ">
    <subfield code="a">Aturudahan U Pusage Abhirahasa</subfield>
  </datafield>
  <datafield tag="260" ind1=" " ind2=" ">
    <subfield code="b">Samayawardhana</subfield>
    <subfield code="a">Colombo</subfield>
    <subfield code="c">2016</subfield>
  </datafield>
  <datafield tag="300" ind1=" " ind2=" ">
    <subfield code="a">220p, 22cm</subfield>
  </datafield>
  <datafield tag="700" ind1=" " ind2=" ">
    <subfield code="a">Sudath Rohan</subfield>
    <subfield code="e">tr.</subfield>
  </datafield>
  <datafield tag="942" ind1=" " ind2=" ">
    <subfield code="c">BK</subfield>
  </datafield>
  <datafield tag="952" ind1=" " ind2=" ">
    <subfield code="0">0</subfield>
    <subfield code="1">0</subfield>
    <subfield code="4">0</subfield>
    <subfield code="7">0</subfield>
    <subfield code="8">TRAN</subfield>
    <subfield code="a">MAIN</subfield>
    <subfield code="b">MAIN</subfield>
    <subfield code="d">2018-06-11</subfield>
    <subfield code="o">8C3 (Youth) BLY</subfield>
    <subfield code="p">165155</subfield>
    <subfield code="r">2023-06-01</subfield>
    <subfield code="w">2023-06-01</subfield>
    <subfield code="y">BK</subfield>
  </datafield>
  <datafield tag="999" ind1=" " ind2=" ">
    <subfield code="c">10489</subfield>
    <subfield code="d">10489</subfield>
  </datafield>
  <controlfield tag="003">LK-CoDNM</controlfield>
  <datafield tag="040" ind1=" " ind2=" ">
    <subfield code="a">LK-CoDNM</subfield>
    <subfield code="d">LK-CoDNM</subfield>
    <subfield code="e">LK-CoDNM</subfield>
  </datafield>
</record>
